000 00591nab a2200193 a 4500
005 20210219161845.0
008 991125s1985 mx 000 0 spa u
035 _aUPN01000193020
100 1 _aBlasco, Maribel
222 _aREVISTA MEXICANA DE INVESTIGACION EDUCATIVA
245 _a¿Los maestros deben ser como segundos padres? : escuela secundaria, afetividad y pobreza en México
260 _aMéxico
300 _a789-820
362 0 _a2003, Vol. 8, no. 19, 2003
653 0 _aFRACASO ESCOLAR
653 0 _aAFECTIVIDAD
653 0 _aORIENTACION ESCOLAR
905 _aArticulo
999 _c165121
_d165121